Mistrzostwa Świata 2022 w Katarze - QUIZ - Statystyki

Ogólne statystyki
  • Ten quiz został rozwiązany 510 razy
  • Średni wynik to 6 z 10
Statystyki odpowiedzi
Zagadnienie Odpowiedź % Poprawnych
Z jakiego kraju pochodził sędzia główny meczu finałowego? Polska
100%
Ile bramek zdobył Robert Lewandowski? 2
90%
Kto został królem strzelców? Mbappe
80%
Znakiem rozpoznawalnym Stadium 974 były... Kontenery
70%
Która z tych reprezentacji zaszła najdalej? Portugalia
70%
Jaki mecz zakończył się wynikiem 7-0? Hiszpania-Kostaryka
60%
Jakie reprezentacje były w grupie F? Belgia, Maroko, Kanada, Chorwacja
50%
Kto był jedynym zawodnikiem, który nie wyszedł z grupy, a strzelił przynajmniej 3 bramki? Valencia
50%
W ilu miastach były rozgrywane mecze? 5
30%
Kto jako pierwszy zawodnik zdobył hat-trick? Ramos
10%
Nie znaleziono quizów pasujących do podanych kryteriów
Rozkład punktacji
Procent ludzi z każdym wynikiem
Percentyl według liczby udzielonych odpowiedzi
Twoja historia wyników
Nie rozwiązałeś tego quizu